000 01235cam a22002655a 4500
001 L144428
008 080717s2005 xxk f 001 0 eng d
035 _a(Sirsi) u144428
041 0 _aeng
050 0 4 _a025.12 $2 22
245 0 0 _aManaging digital rights
_ba practitioner's guide
260 _aLondon
_bFacet
_c2005
300 _axxiv, 125p.
_c25cm.
505 2 _aSetting the scene -- Digital rights management: an international perspective -- The right to digitise: gaining copyright clearance -- The right to teach -- The corporate rights holder's perspective
520 _aIntended as a practical guide to the use of digital content. Deals with how electronic information can be used legitimately. Suggests practical ways in which copyright clearance can be obtained, whilst keeping administration to a minimum. Covers: what is digital rights management?; the right to digitise; implications for teaching and learning.
521 2 0 _aAdvanced
651 4 _aEngland and Wales
_y1543-
690 _aMANAGEMENT-BUSINESS MANAGEMENT-INFORMATION MANAGEMENT
700 1 _aPedley, Paul
_eEditor
700 1 _aNorman, Stanley
700 1 _aPickering, Helen
700 1 _aPurdy, Linda
700 1 _aWatson, Ian
942 _n0
999 _c108506
_d108506